书目信息 |
| 题名: |
基因伦理学
|
|
| 作者: | 拜尔茨 著 ;马怀琪 译 | |
| 分册: | ||
| 出版信息: | 北京 华夏出版社 2000 |
|
| 页数: | 343页 | |
| 开本: | 20cm | |
| 丛书名: | 思想进阶 | |
| 单 册: | ||
| 中图分类: | B82-057 | |
| 科图分类: | ||
| 主题词: | 基因--医学伦理学 | |
| 电子资源: | ||
| ISBN: | 7-5080-2251-3 | |
| 000 | 00858nam0 2200241 45 | |
| 001 | 0309201151 | |
| 005 | 20031219104115.6 | |
| 010 | @a7-5080-2251-3@dCNY16.00 | |
| 100 | @a20030920d2000 km y0chiy0120 ea | |
| 101 | 0 | @achi@cger |
| 105 | @a z 000yy | |
| 200 | 1 | @a基因伦理学@AJi Yin Lun Li Xue@e人的繁殖技术化带来的问题@ERen De Fan Zhi Ji Shu Hua Dai Lai De Wen Ti@f(德)库尔特·拜尔茨(Bayertz,K.)著@F(De)Ku Er Te·Bai Er Ci(Bayertz,K.)Zhu@g马怀琪译 |
| 210 | @a北京@c华夏出版社@d2000 | |
| 215 | @a343页@d20cm | |
| 225 | @a思想进阶 | |
| 410 | @12001 @a思想进阶 | |
| 517 | @a人的繁殖技术化带来的问题@ARen De Fan Zhi Ji Shu Hua Dai Lai De Wen Ti | |
| 606 | 0 | @a基因@x医学伦理学 |
| 690 | @aB82-057@v4 | |
| 701 | @a拜尔茨@bBayertz,K.@4著 | |
| 702 | 0 | @a马怀琪@AMa Huai Qi@4译 |
| 801 | @aCN@bTSTC@c20030920 | |
| 905 | @b325780-782@dB82-057@e137@f3 | |
| 基因伦理学:人的繁殖技术化带来的问题/(德)库尔特·拜尔茨(Bayertz,K.)著/马怀琪译.-北京:华夏出版社,2000 |
| 343页;20cm.-(思想进阶) |
| ISBN 7-5080-2251-3:CNY16.00 |
| ● |
| 相关链接 |
|
|
|
|
正题名:基因伦理学
索取号:B82-057/137
 
预约/预借
| 序号 | 登录号 | 条形码 | 馆藏地/架位号 | 状态 | 备注 |
| 1 | 0325780 | 203257803 | 第一借阅区/ [索取号:B82-057/137] | 在馆 | |
| 2 | 0325781 | 203257812 | 第一借阅区/ [索取号:B82-057/137] | 在馆 | |
| 3 | 0325782 | 203257821 | 第一样本阅览室/ [索取号:B82-057/137] | 在馆 |